000 00710cam a22002533a 4500
001 5385
003 PGUSA
005 20140828083119.0
008 041019s2004||||xxu|||||s|||||000 1 eng d
040 _aPGUSA
_beng
042 _adc
050 4 _aPS
100 1 _aChurchill, Winston,
_d1871-1947
245 1 4 _aThe Celebrity, Volume 03
_h[electronic resource] /
_cWinston Churchill
260 _bProject Gutenberg,
_c2004
506 _aPublic domain in the USA.
516 _aElectronic text
653 _aAuthorship -- Fiction
653 _aCelebrities -- Fiction
653 _aAuthors -- Fiction
830 0 _aProject Gutenberg
_v5385
856 4 0 _uhttp://www.gutenberg.org/ebooks/5385
942 _cEB
999 _c234714
_d234714